MARC

LEADER 00000nam0a2200000 4500
001 271138
005 20231101234416.0
035 |a (RuTPU)RU\TPU\book\294319 
090 |a 271138 
100 |a 20141006d1987 km y0rusy50 ca 
101 0 |a rus 
102 |a RU 
105 |a y z 001zy 
200 1 |a Факторный анализ хозяйственной деятельности  |f А. Я. Ванинский 
210 |a Москва  |c Финансы и статистика  |d 1987 
215 |a 144 с. 
320 |a Библиогр.: с. 142-143 
606 1 |a Анализ хозяйственной деятельности  |x Математические методы  |2 stltpush  |3 (RuTPU)RU\TPU\subj\28965  |9 52386 
610 1 |a факторный анализ 
610 1 |a математические методы 
610 1 |a применение 
610 1 |a экономический анализ 
610 1 |a интегральный метод 
610 1 |a расчетные формулы 
610 1 |a обобщение 
675 |a 658.012.122  |v 3 
700 1 |a Ванинский  |b А. Я.  |g Александр Яковлевич 
801 1 |a RU  |b 63413507  |c 20141006 
801 2 |a RU  |b 63413507  |c 20161208  |g RCR 
942 |c BK